Statistics for Jeff Beck Discography

Click here to take the quiz!

General Stats

  • This quiz has been taken 5 times
  • The average score is 10 of 31

Answer Stats

TypeYearName% Correct
Album1976Wired
80%
Album1973Beck, Bogert & Appice
60%
Album1969Beck-Ola
60%
Album1975Blow by Blow
60%
Album2003Jeff
60%
Album1972Jeff Beck Group
60%
Album1971Rough and Ready
60%
Album1980There and Back
60%
Album1968Truth
60%
Compilation1995Best of Beck
40%
Album2010Emotion & Commotion
40%
Album1985Flash
40%
Album1989Jeff Beck's Guitar Shop
40%
Live Album2015Live+
40%
DVD2011Rock 'n' Roll Party (Honoring Les Paul)
40%
Album2001You Had It Coming
40%
Compilation1991Beckology
20%
Album1992Frankie's House
20%
Live Album2008Live at Ronnie Scott's
20%
DVD2017Live at the Hollywood Bowl
20%
DVD2014Live in Tokyo
20%
Album2016Loud Hailer
20%
Album1999Who Else!
20%
Album1993Crazy Legs
0%
Live Album1977Jeff Beck with the Jan Hammer Group Live
0%
Live Album2010Live and Exclusive from the Grammy Museum
0%
Live Album2006Live at B.B. King Blues Club
0%
Live Album1974Live in Japan
0%
Live Album2006Live in Tokyo '99
0%
Live Album2007Official Bootleg USA '06
0%
DVD2008Performing This Week... Live at Ronnie Scott's
0%

Score Distribution

Percentile by Number Answered

Percent of People with Each Score

Your Score History

You have not taken this quiz